000 00829nam0a22002651 4500
001 rc\317267
005 20030307122216.6
010 _a5-07-001266-5
_910000
035 _a(NLR Aleph) 005552093
090 _a5821397
_c5821397
100 _a20030307d1990 u |0rusy50 ca
101 0 _arus
102 _aRU
105 _ay |||||||||
200 1 _aАктуальные вопросы борьбы с самогоноварением
210 _aМ.
_cЗнание
_d1990
215 _a63, [1] с.
_d20
225 1 _aВ помощь лектору
700 1 _aЗаиграев
_bГ. Г.
_gГригорий Григорьевич
701 1 _aМурашев
_bА. В.
_gАлександр Васильевич
801 0 _aRU
_bNLR
_gpsbo
801 1 _aRU
_bELAR
_2rusmarc
852 _aNLR
_j90-4/5387
942 _cBOOK
980 _aNB